Principles of Nutrition (Record no. 17470)

MARC details
000 -LEADER
fixed length control field 00438nam a22001697a 4500
003 - CONTROL NUMBER IDENTIFIER
control field OSt
005 - DATE AND TIME OF LATEST TRANSACTION
control field 20211110112538.0
008 - FIXED-LENGTH DATA ELEMENTS--GENERAL INFORMATION
fixed length control field 211110b |||||||| |||| 00| 0 eng d
020 ## - INTERNATIONAL STANDARD BOOK NUMBER
International Standard Book Number 0-471-02695-6
040 ## - CATALOGING SOURCE
Transcribing agency Hawassa University
050 ## - LIBRARY OF CONGRESS CALL NUMBER
Classification number 641.1/WIL
Item number 9
082 ## - DEWEY DECIMAL CLASSIFICATION NUMBER
Edition number 4
Classification number 641.1/WIL
Item number 9
100 ## - MAIN ENTRY--PERSONAL NAME
Personal name Wilson,Eva D.
9 (RLIN) 17663
245 ## - TITLE STATEMENT
Title Principles of Nutrition
260 ## - PUBLICATION, DISTRIBUTION, ETC.
Place of publication, distribution, etc. New York
Name of publisher, distributor, etc. John Wiley and Sons
Date of publication, distribution, etc. 1959
942 ## - ADDED ENTRY ELEMENTS (KOHA)
Source of classification or shelving scheme Dewey Decimal Classification
Koha item type Books like text book referance book
Suppress in OPAC No
Holdings
Withdrawn status Lost status Source of classification or shelving scheme Damaged status Not for loan Home library Current library Date acquired Total Checkouts Full call number Barcode Date last seen Copy number Price effective from Koha item type
    Dewey Decimal Classification     College of Agriculture Library College of Agriculture Library 11/10/2021   641.1/WIL ALIB0004147 11/10/2021 2 11/10/2021 Books like text book referance book
    Dewey Decimal Classification     College of Agriculture Library College of Agriculture Library 11/10/2021   641.1/WIL ALIB0004148 11/10/2021 3 11/10/2021 Books like text book referance book
    Dewey Decimal Classification     College of Agriculture Library College of Agriculture Library 11/10/2021   641.1/WIL ALIB0004149 11/10/2021 4 11/10/2021 Books like text book referance book
    Dewey Decimal Classification     College of Agriculture Library College of Agriculture Library 11/10/2021   641.1/WIL ALIB0004150 11/10/2021 5 11/10/2021 Books like text book referance book
    Dewey Decimal Classification     College of Agriculture Library College of Agriculture Library 11/10/2021   641.1/WIL ALIB0004141 11/10/2021 6 11/10/2021 Books like text book referance book
    Dewey Decimal Classification     College of Agriculture Library College of Agriculture Library 11/10/2021   641.1/WIL ALIB0004142 11/10/2021 7 11/10/2021 Books like text book referance book
    Dewey Decimal Classification     College of Agriculture Library College of Agriculture Library 11/10/2021   641.1/WIL ALIB0004143 11/10/2021 9 11/10/2021 Books like text book referance book
    Dewey Decimal Classification     College of Agriculture Library College of Agriculture Library 11/10/2021   641.1/WIL ALIB0004144 11/10/2021 10 11/10/2021 Books like text book referance book
    Dewey Decimal Classification     College of Agriculture Library College of Agriculture Library 11/10/2021   641.1/WIL ALIB0004145 11/10/2021 12 11/10/2021 Books like text book referance book
    Dewey Decimal Classification     College of Agriculture Library College of Agriculture Library 11/10/2021   641.1/WIL ALIB0004151 11/10/2021 11 11/10/2021 Books like text book referance book